[Event "SA-2016-0-00510"]
[Site "LSS email"]
[Date "2016.03.08"]
[Round "?"]
[White "Bujdak, Pavel"]
[Black "Parkes, Ricardo"]
[Result "1-0"]
[WhiteElo "1969"]
[BlackElo "2181"]
[PlyCount "77"]
[EventDate "2016.02.11"]
[EventType "tourn (corr)"]
[EventRounds "6"]
[EventCountry "GER"]
[SourceTitle "Corr 2022"]
[Source "ChessBase"]
[SourceDate "2021.10.24"]
[SourceVersion "1"]
[SourceVersionDate "2021.10.24"]
[SourceQuality "1"]

1. e4 c6 2. d4 d5 3. e5 Bf5 4. Nf3 e6 5. Be2 Nd7 6. 0-0 Bb4 7. Nbd2 Ne7 8. c3 Ba5 9. Nh4 f6 10. Bh5+ Bg6 11. exf6 Nxf6 12. Bxg6+ Nxg6 13. Nxg6 hxg6 14. Qc2 Qc7 15. Qxg6+ Qf7 16. Qxf7+ Kxf7 17. Nf3 Bc7 18. Ng5+ Ke7 19. f4 Nh7 20. Nxh7 Rxh7 21. g3 Rh3 22. f5 exf5 23. Bg5+ Kf7 24. Rxf5+ Kg6 25. Raf1 Rh5 26. Rf7 Bxg3 27. hxg3 Rxg5 28. Kg2 Rb8 29. Rd7 Rf5 30. Re1 Rf7 31. Re6+ Kf5 32. Rxf7+ Kxe6 33. Rxg7 Kf6 34. Rc7 Kg5 35. Kf3 Rf8+ 36. Ke3 Rb8 37. b4 a6 38. a4 Kg4 39. Rg7+ 1-0

[Event "SA-2016-0-00510"]
[Site "LSS email"]
[Date "2016.03.08"]
[Round "?"]
[White "Parkes, Ricardo"]
[Black "Rolle, Hannes"]
[Result "1/2-1/2"]
[WhiteElo "2181"]
[BlackElo "2223"]
[PlyCount "144"]
[EventDate "2016.02.11"]
[EventType "tourn (corr)"]
[EventRounds "6"]
[EventCountry "GER"]
[SourceTitle "Corr 2022"]
[Source "ChessBase"]
[SourceDate "2021.10.24"]
[SourceVersion "1"]
[SourceVersionDate "2021.10.24"]
[SourceQuality "1"]

1. d4 Nf6 2. c4 e6 3. Nf3 b6 4. g3 Ba6 5. b3 Bb4+ 6. Bd2 Be7 7. Bg2 c6 8. Bc3 d5 9. Nbd2 Nbd7 10. 0-0 0-0 11. Re1 c5 12. e4 dxe4 13. Nxe4 Nxe4 14. Rxe4 Bb7 15. Re1 Bf6 16. Qc2 cxd4 17. Nxd4 Bxg2 18. Kxg2 Qc7 19. Rad1 a6 20. Nf3 Qb7 21. Bxf6 Nxf6 22. Qd3 b5 23. c5 Qc6 24. Qd4 Rfc8 25. Rc1 Rd8 26. Qe3 b4 27. Rc4 Rac8 28. Kg1 Qc7 29. Nd4 Rd5 30. c6 a5 31. f4 h5 32. h3 Qb6 33. Kg2 Ne8 34. Rd1 Rcd8 35. g4 Qa7 36. Qg1 Nd6 37. Rcc1 Ne4 38. c7 Rc8 39. Nb5 Qb7 40. Rxd5 Qxd5 41. Qd4 Qxd4 42. Nxd4 Nc3 43. gxh5 Rxc7 44. Ne2 Kh7 45. Kf3 Kh6 46. Kg4 Rc8 47. a3 Rc5 48. axb4 axb4 49. Rc2 Rxh5 50. Nxc3 Rc5 51. Kf3 Rxc3+ 52. Rxc3 bxc3 53. Ke2 Kg6 54. b4 Kf5 55. b5 e5 56. b6 exf4 57. b7 f3+ 58. Kxf3 c2 59. b8Q c1Q 60. Qb5+ Kg6 61. Qd3+ f5 62. Qd6+ Kh5 63. Qe5 Qc6+ 64. Kg3 Kg6 65. Kf4 Qd7 66. Kg3 Kh6 67. Qe3+ g5 68. Kg2 Qd5+ 69. Kf2 Qa2+ 70. Kf1 f4 71. Qc3 Qe6 72. Kf2 Qb6+ 1/2-1/2

[Event "SA-2016-0-00510"]
[Site "LSS email"]
[Date "2016.03.08"]
[Round "?"]
[White "Parkes, Ricardo"]
[Black "Vodicka, Milan"]
[Result "0-1"]
[WhiteElo "2181"]
[BlackElo "2079"]
[PlyCount "36"]
[EventDate "2016.02.11"]
[EventType "tourn (corr)"]
[EventRounds "6"]
[EventCountry "GER"]
[SourceTitle "Corr 2022"]
[Source "ChessBase"]
[SourceDate "2021.10.24"]
[SourceVersion "1"]
[SourceVersionDate "2021.10.24"]
[SourceQuality "1"]

1. d4 Nf6 2. c4 e6 3. Nf3 b6 4. g3 Bb7 5. Bg2 c5 6. dxc5 Bxc5 7. 0-0 0-0 8. Bg5 h6 9. Bxf6 Qxf6 10. Nc3 Rd8 11. Qd2 Nc6 12. Ne4 Qe7 13. Nxc5 bxc5 14. Rad1 d6 15. Qc3 Rab8 16. Rd2 a5 17. Rfd1 Nb4 18. a3 Nc6 0-1

[Event "OP-2016-0-03922"]
[Site "LSS email"]
[Date "2016.01.09"]
[Round "?"]
[White "Parkes, Ricardo"]
[Black "Shim Ng Min, Francis"]
[Result "1-0"]
[WhiteElo "2181"]
[BlackElo "1151"]
[PlyCount "69"]
[EventDate "2016.01.05"]
[EventType "tourn (corr)"]
[EventRounds "4"]
[EventCountry "GER"]
[SourceTitle "Corr 2022"]
[Source "ChessBase"]
[SourceDate "2021.10.24"]
[SourceVersion "1"]
[SourceVersionDate "2021.10.24"]
[SourceQuality "1"]

1. d4 d5 2. c4 e6 3. Nc3 Nf6 4. cxd5 exd5 5. Bg5 Be7 6. e3 0-0 7. Qc2 c6 8. Nf3 Nh5 9. Bxe7 Qxe7 10. Bd3 h6 11. Ne5 Nf6 12. 0-0 Nbd7 13. Nxd7 Bxd7 14. Rab1 c5 15. dxc5 Qxc5 16. Qb3 Bc6 17. Rbc1 Qa5 18. Rfd1 Rfd8 19. h4 Rac8 20. Bf5 Bd7 21. Bxd7 Rxd7 22. Nxd5 Rxc1 23. Nxf6+ gxf6 24. Rxc1 Rc7 25. Rxc7 Qxc7 26. Qc3 Qd6 27. Qc8+ Kg7 28. Qg4+ Kh7 29. Qd4 Qxd4 30. exd4 Kg6 31. Kh2 Kf5 32. Kg3 h5 33. Kf3 b5 34. d5 Ke5 35. g4 1-0